000 01156nam0a2200301 4500
001 RU\NLR\bibl\1081781
005 20260406073513.0
010 _a5-94832-232-7
_920000
021 _aRU
_b2007-20417
_91080
035 _a(NLR Aleph) 001068963
090 _a986423
_c986423
100 _a20070504d2007 |||y0rusy50 ca
101 0 _arus
102 _aRU
105 _ay |||||||||
200 1 _aЧайный гриб. 116 рецептов от всех болезней
_fПокровский Б.
210 _aМосква
_cЛада
_cАСС-Центр
_d2007
215 _a59, [1] с.
_d20
225 1 _aАзбука здоровья
517 0 _a116 рецептов от всех болезней
606 1 _aЧайный гриб
_xЛечебное применение
_91859774
_3RU\NLR\auth\66843481
686 _aР282.111 Чайный гриб
700 1 _4070
_8rus
_7ca
_aПокровский
_bБ. Н.
_cспециалист по народной медицине
_gБорис Николаевич
_3RU\NLR\auth\7732243
_915252
801 0 _aRU
_bNLR
_c20070504
_gRCR
801 1 _aRU
_bNLR
_c20070504
942 _cBOOK
980 _aNB